LEADER 00626naa a2200157 i 4500 001 000000294865 003 CaOOAMICUS 005 20180831172515.0 008 180831n xx u000 u und u 013 $a2142 040 $aSeMil$bita 100 1 $aClinet, Mircea.$0(OLS)http://semarc/name/85177 245 10$aStoria della Chiesa e della etnia romena. p. 63-71. 650 4$aRomania - Storia.$0(OLS)http://semarc/subject/6432 773 0 $tStoria religiosa dei popoli balcanici.$dMilano : La Casa di Matriona, copyr. 1983.$kRicerche$w()34607 996 $6245$aStoria della Chiesa e della etnia romena. p. 63-71.$9(OLS)http://semarc/title/370931 LEADER 01391nam a2200277 4500 001 000000332951 003 CaOOAMICUS 005 20190403102547.0 008 190320s2018 it 000 u ita r 040 $aSeMil$bita 245 10$aPorte all'ingresso dell'Europa :$bincontri del ciclo La gestione interna del fenomeno migratorio tra diritto d'asilo, ordine pubblico ed esigenze di integrazione /$ccontributi di Tito Boeri ... [et al.]. 264 1$aMilano :$bAgostini semper,$c2018. 300 $a81 p. ;$c18 cm 490 1 $aColloquia ;$v25 500 $aEdizione a tiratura limitata offerta ai soci dell'associazione Agostini semper 541 1 $aFondo mons. Mario Delpini 650 4$aMigranti.$0(OLS)http://semarc/subject/27971 650 4$aMigrazioni.$0(OLS)http://semarc/subject/26631 700 1 $aBoeri, Tito <1958- >.$0(OLS)http://semarc/name/91452 830 0$aColloquia ;$v25.$0(OLS)http://semarc/title/422086 850 $aSeMil 852 $aSeMil$W1$xVenegono$y1$m1Q I 74$j212603$B225166$CSeMilBibl$Z2$F225166 $81 941 1 $a7 996 $6245$aPorte all'ingresso dell'Europa :$bincontri del ciclo La gestione interna del fenomeno migratorio tra diritto d'asilo, ordine pubblico ed esigenze di integrazione$9(OLS)http://semarc/title/422109 996 $6264$aMilano :$bAgostini semper$9(OLS)http://semarc/publisher/58163